Диагностика нефтегазопромыслового оборудования методами неразрушающего контроля: учебное пособие

Détails bibliographiques
Auteur principal: Быков И. Ю. Игорь Юрьевич
Autres auteurs: Борейко Д. А. Дмитрий Андреевич
Résumé:Рассмотрены современные методы неразрушающего контроля, применяемые при техническом диагностировании нефтегазопромыслового оборудования. Изложен комплекс методик для проведения неразрушающего контроля различ­ными методами и их теоретические основы. Представлены методики подготовки образцов для проведения лаборатор­ных и аналитических исследований по коррозии металлов, а также подготовки поверхности объекта при других мето­дах контроля.Учебное пособие предназначено для студентов вузов, обу­чающихся по направлению подготовки магистратуры «Неф­тегазовое дело».
Langue:russe
Publié: Старый Оскол, ТНТ, 2016
Sujets:
Format: Livre
KOHA link:https://koha.lib.tpu.ru/cgi-bin/koha/opac-detail.pl?biblionumber=298418

MARC

LEADER 00000nam0a2200000 4500
001 298418
005 20231102001112.0
010 |a 9785941784868 
035 |a (RuTPU)RU\TPU\book\323561 
090 |a 298418 
100 |a 20150618d2016 m y0rusy50 ca 
101 0 |a rus 
102 |a RU 
105 |a a j 001zy 
200 1 |a Диагностика нефтегазопромыслового оборудования методами неразрушающего контроля  |e учебное пособие  |f И. Ю. Быков, Д. А. Борейко 
210 |a Старый Оскол  |c ТНТ  |d 2016 
215 |a 244 с.  |c ил. 
320 |a Библиогр.: с. 231-232. 
330 |a Рассмотрены современные методы неразрушающего контроля, применяемые при техническом диагностировании нефтегазопромыслового оборудования. Изложен комплекс методик для проведения неразрушающего контроля различ­ными методами и их теоретические основы. Представлены методики подготовки образцов для проведения лаборатор­ных и аналитических исследований по коррозии металлов, а также подготовки поверхности объекта при других мето­дах контроля.Учебное пособие предназначено для студентов вузов, обу­чающихся по направлению подготовки магистратуры «Неф­тегазовое дело». 
606 1 |a Нефтепромысловое оборудование  |x Дефектоскопия  |2 stltpush  |3 (RuTPU)RU\TPU\subj\45834  |9 65025 
610 1 |a нефтегазопромысловое оборудование 
610 1 |a неразрушающий контроль 
610 1 |a техническое диагностирование 
610 1 |a визуальный контроль 
610 1 |a измерительный контроль 
610 1 |a металлы 
610 1 |a метод магнитной памяти 
610 1 |a акустико-эмиссионный метод 
610 1 |a ультразвуковой контроль 
610 1 |a твердометрия 
610 1 |a толщинометрия 
610 1 |a металлография 
610 1 |a тепловизионный контроль 
610 1 |a сплавы 
610 1 |a спектральный анализ 
610 1 |a коррозия 
610 1 |a скорость 
610 1 |a определение 
610 1 |a пробоподготовка 
610 1 |a учебные пособия 
675 |a 622.276.05(075.8)  |v 4 
700 1 |a Быков  |b И. Ю.  |g Игорь Юрьевич 
701 1 |a Борейко  |b Д. А.  |g Дмитрий Андреевич 
801 1 |a RU  |b 63413507  |c 20150618 
801 2 |a RU  |b 63413507  |c 20151126  |g RCR 
900 |a Диагностика оборудования газонефтепроводов 
900 |a Методы неразрушающего контроля 
942 |c BK 
951 |l 8.3 
959 |a 88/20150618  |d 5  |e 0  |f ЧЗТЛ:1  |f УФ:4